Sports Quiz

Random Sports or Auto Racing Quiz
Score 0/23 Timer 08:00
3 Plays Today
Surname letter Answer % Correct
SMichael Schumacher
97.1%
HLewis Hamilton
96.3%
PAlain Prost
91.3%
VSebastian Vettel
89.5%
AFernando Alonso
86.1%
FJuan Manuel Fangio
81.5%
MNigel Mansell
79.4%
LNiki Lauda
78%
RNico Rosberg
74.9%
BJenson Button
72%
WMark Webber
67.7%
CJim Clark
64.5%
Surname letter Answer % Correct
JAlan Jones
47%
IJacky Ickx
44.4%
K (joint)Robert Kubica
33.3%
K (joint)Heikki Kovalainen
31.9%
N (joint)Alessandro Nannini
29.5%
T (joint)Patrick Tambay
21.6%
GDan Gurney
18.6%
DPatrick Depailler
13.6%
T (joint)Maurice Trintignant
11.9%
T (joint)Wolfgang von Trips
11.3%
N (joint)Gunnar Nilsson
9.7%
Remove Ads.
Support Sporcle.
Get the best of Sporcle when you Go Orange. This ad-free experience offers more features, more stats, and more fun while also helping to support Sporcle. Thank you for becoming a member.

You're not logged in!

Compare scores with friends on all Sporcle quizzes.
OR
Log In

Sporcle TV

Today on Sporcle TV


Watch our educational content, quiz creation guides, and fun videos on Sporcle TV.

Show Comments

Extras

Top Quizzes Today


Score Distribution

Paid Content

Your Account Isn't Verified!

In order to create a playlist on Sporcle, you need to verify the email address you used during registration. Go to your Sporcle Settings to finish the process.

Report this User

Report this user for behavior that violates our Community Guidelines.

Details: